[Event "WchT U26"]
[Site "Roque Saenz Pena"]
[Date "1997.??.??"]
[Round "5"]
[White "Soln, Primoz"]
[Black "Esplana, Christian"]
[Result "0-1"]
[WhiteElo "2325"]
[BlackElo "2055"]

1.d4 Nf6 2.c4 e6 3.Nf3 b6 4.a3 Bb7 5.Nc3 Be7 6.d5 exd5 7.cxd5 O-O 8.e4 Re8
9.Bd3 Bf8 10.O-O h6 11.Re1 a6 12.Bc2 d6 13.h3 g6 14.Bf4 Nbd7 15.Qd2 Kh7 16.Rad1 Bg7
17.Bh2 b5 18.e5 dxe5 19.Nxe5 Nxe5 20.Bxe5 Ne4 21.Nxe4 Rxe5 22.Nc5 Qxd5 23.Qxd5 Rxe1+
24.Rxe1 Bxd5 25.b3 c6 26.a4 Bc3 27.Re2 bxa4 28.Nxa4 Bd4 29.Rd2 Ba7 30.Nc3 Be6
31.Rd6 Rc8 32.Bd1 Bc5 33.Rd3 Bf5 34.Rf3 Rd8 35.g4 Be6 36.Kf1 Bb4 37.Ke2 Kg7
38.Rd3 Rxd3 39.Kxd3 Bxc3 40.Kxc3 c5 41.Be2 a5 42.Bc4 Bd7 43.Bd5 Bb5 44.h4 g5
45.hxg5 hxg5 46.Kd2 f6 47.Ke3 Kf8 48.Ke4 Ke7 49.Bg8 Bc6+ 50.Bd5 Bd7 51.f3 Kd6  0-1

[Event "WchT U26"]
[Site "Roque Saenz Pena"]
[Date "1997.??.??"]
[Round "6"]
[White "Soln, Primoz"]
[Black "Zarnicki, Pablo"]
[Result "1/2-1/2"]
[WhiteElo "2325"]
[BlackElo "2550"]

1.d4 Nf6 2.c4 e6 3.Nf3 b6 4.a3 c5 5.d5 Ba6 6.Qc2 exd5 7.cxd5 g6 8.Nc3 Bg7
9.g3 d6 10.Bg2 O-O 11.O-O Re8 12.Re1 Nbd7 13.Bf4 Qe7 14.e4 Ng4 15.a4 Nde5
16.Nb5 Qd7 17.Qe2 Nxf3+ 18.Bxf3 Ne5 19.Bg2 c4 20.Bxe5 Bxe5 21.Qxc4 Bxb2 22.Rab1 Rac8
23.Qb3 Bg7 24.Rec1 Rc5 25.Rxc5 bxc5 26.Qc2 Bc8 27.Bf1 h5 28.Na3 Qe7 29.Rb8 h4
30.Bb5 Rf8 31.Bd3 Qf6 32.Nc4 Bh3 33.Rxf8+ Bxf8 34.Qd1 Qd4 35.a5 f5 36.exf5 Bxf5
37.Be2 hxg3 38.hxg3 Be4 39.Ne3 Bh6 40.Nc4 Bf8 41.Ne3 Be7 42.a6 Qxd1+ 43.Nxd1 Bxd5
44.Nc3 Bc6 45.Bb5 Bf6 46.Bxc6 Bxc3 47.Bd5+ Kg7 48.Kg2 Kf6 49.f4 Be1 50.Kf3 Ke7
51.g4 Bd2 52.Ke4 Bc3 53.g5 Bd2 54.f5 Bxg5 55.fxg6 Bf6 56.Bc4  1/2-1/2

[Event "Pools schev"]
[Site "Singapore"]
[Date "1997.??.??"]
[Round "3"]
[White "Marentek, Hanny"]
[Black "Wu Shaobin"]
[Result "0-1"]
[WhiteElo "2435"]
[BlackElo "2435"]

1.d4 Nf6 2.c4 e6 3.Nf3 b6 4.a3 Bb7 5.Nc3 d5 6.Bg5 Be7 7.e3 O-O 8.cxd5 Nxd5
9.Nxd5 exd5 10.Bxe7 Qxe7 11.Bd3 c5 12.dxc5 bxc5 13.O-O Nd7 14.Rc1 g6 15.Bb5 Nf6
16.Re1 Rfd8 17.Qa4 a6 18.Bf1 a5 19.Qh4 Kg7 20.Rc2 a4 21.Rec1 Ra5 22.Qg5 h6
23.Qe5 Qxe5 24.Nxe5 c4 25.g3 Re8 26.Nf3 Rb5 27.Nd4 Rb6 28.Ne2 Rb8 29.f3 Bc8
30.Nc3 Rxb2 31.Nxa4 R2b3 32.Rc3 R3b5 33.R3c2 Ra5 34.Nc3 Rxa3 35.g4 Be6 36.Kf2 Rbb3
37.h3 Nd7 38.Nb1 Ra1 39.Nc3 Rxc1 40.Rxc1 Nc5 41.Ke1 Kf6 42.Be2 Ke5 43.Kd2 g5
44.Rf1 f5 45.Ra1 f4 46.exf4+ gxf4 47.Ra5 Rb2+ 48.Ke1 Nb7 49.Ra6 d4 50.Nd1 Rb4
51.h4 d3 52.Bf1 Bd5 53.Bg2 Kd4 54.Ra3 Rb1 55.Kd2 Nc5  0-1

[Event "Pools schev"]
[Site "Singapore"]
[Date "1997.??.??"]
[Round "5"]
[White "Prihastomo, Iwan"]
[Black "Wu Shaobin"]
[Result "0-1"]
[WhiteElo "2350"]
[BlackElo "2435"]

1.d4 Nf6 2.c4 e6 3.Nf3 b6 4.a3 Ba6 5.Qc2 Bb7 6.Bf4 c5 7.dxc5 Bxc5 8.Nc3 O-O
9.e3 Be7 10.Be2 a6 11.O-O Nh5 12.Be5 Nc6 13.Ne4 d5 14.cxd5 Nxe5 15.Nxe5 Qxd5
16.Bxh5 Qxe5 17.Ng3 Rac8 18.Qe2 Bd5 19.Rac1 b5 20.Rxc8 Rxc8 21.Qd2 Bf6 22.Qa5 Qd6
23.Rd1 Bxb2 24.e4 Bc3 25.Qxc3 Rxc3 26.exd5 Qxa3 27.Ne2 g6  0-1

[Event "White Nights op"]
[Site "St Petersburg"]
[Date "1997.??.??"]
[Round "?"]
[White "Ioffe, A."]
[Black "Biriukov, Oleg V"]
[Result "1/2-1/2"]
[WhiteElo "2295"]
[BlackElo "2415"]

1.d4 Nf6 2.c4 e6 3.Nf3 b6 4.a3 Bb7 5.Nc3 d5 6.Bg5 Be7 7.Bxf6 Bxf6 8.cxd5 exd5
9.Qa4+ Qd7 10.Qxd7+ Nxd7 11.Nb5 Kd8 12.Rd1 a6 13.Nc3 Re8 14.g3 Re7 15.Bg2 c6
16.O-O b5 17.Rfe1 a5 18.e4 b4 19.e5 bxc3 20.bxc3 Bxe5 21.Nxe5 Kc7 22.Nxd7 Rxe1+
23.Rxe1  1/2-1/2

[Event "SVK-chT1W 9798"]
[Site "SVK"]
[Date "1997.??.??"]
[Round "?"]
[White "Debnar, Lubos"]
[Black "Marko, Anton"]
[Result "1-0"]
[WhiteElo "2280"]
[BlackElo "2155"]

1.d4 Nf6 2.c4 e6 3.Nf3 b6 4.a3 Bb7 5.Nc3 Be7 6.d5 O-O 7.e4 exd5 8.exd5 Re8
9.Be2 a5 10.O-O Na6 11.Nd4 Nc5 12.b3 Nfe4 13.Nxe4 Nxe4 14.Bb2 Bf6 15.Qc2 g6
16.Rad1 Qe7 17.Rfe1 Qf8 18.Bf3 Ng5 19.Be2 Ne4 20.Bf1 Nc5 21.Bc3 Qg7 22.Nb5 Bxc3
23.Nxc3 Qf8 24.b4 axb4 25.axb4 Na6 26.Rxe8 Rxe8 27.Qa4 Qxb4 28.Qxd7 Re7 29.Qd8+ Kg7
30.d6 Re6 31.d7 Bc6 32.Nd5 Qa4 33.Nxc7 Nc5 34.Rd6 Bxd7 35.Nxe6+ Bxe6 36.Qxb6  1-0

[Event "SVK-chT 9697"]
[Site "SVK"]
[Date "1997.??.??"]
[Round "1"]
[White "Debnar, Lubos"]
[Black "Petrik, Tomas"]
[Result "1/2-1/2"]
[WhiteElo "2270"]
[BlackElo "2275"]

1.d4 Nf6 2.c4 e6 3.Nf3 b6 4.a3 Bb7 5.Nc3 d5 6.cxd5 Nxd5 7.e3 Be7 8.Bb5+ c6
9.Bd3 O-O 10.O-O c5 11.Qc2 h6 12.Rd1 Qc8 13.Bd2 Nd7 14.Rac1 cxd4 15.Nxd4 Nc5
16.Bh7+ Kh8 17.b4 Nd7 18.Bd3 Ne5 19.Nxd5 exd5 20.Qb3 Qd8 21.Be2 Rc8 22.Nf3 Nc4
23.Bc3 Qe8 24.Bd4 b5 25.Bd3 Qd7 26.Qb1 f5 27.Qa1 Bf6 28.a4 a6 29.Qb1 Be7
30.Qa1 Bxb4 31.Nh4 Kg8 32.Qb1 Ba3 33.Bxf5 Rxf5 34.Nxf5 Bxc1 35.Rxc1 Nd2 36.Nxh6+ gxh6
37.Qg6+ Kf8 38.Qxh6+ Ke8 39.Qh8+ Ke7 40.Qg7+ Ke8 41.Qg8+ Ke7 42.Bc5+ Kf6
43.Bd4+ Ke7 44.Qg7+  1/2-1/2

[Event "SVK-chT 9697"]
[Site "SVK"]
[Date "1997.??.??"]
[Round "2"]
[White "Pal, Peter"]
[Black "Mrva, Vladimir"]
[Result "1/2-1/2"]
[WhiteElo "2260"]
[BlackElo "2305"]

1.d4 Nf6 2.c4 e6 3.Nf3 b6 4.a3 Bb7 5.Nc3 d5 6.cxd5 exd5 7.g3 Be7 8.Bg2 O-O
9.O-O c5 10.Bf4 Nc6 11.Qd3 Na5 12.Rad1 c4 13.Qb1 Nh5 14.Bc1 f5 15.Ne5 g6
16.Bh6 Ng7 17.f4 a6 18.Kh1 Qd6 19.Bf3 Rad8 20.Rg1 Bf6 21.g4 Bxe5 22.dxe5 Qe6
23.gxf5 Rxf5 24.e4 d4 25.Nd5 Rxd5 26.exd5 Bxd5 27.Bxd5 Qxd5+ 28.Rg2 d3 29.Bxg7 Kxg7
30.Qc1 Nb3 31.Qe3 Qd4 32.Qf3 Rxf4 33.Qb7+ Rf7 34.Qxa6 Re7 35.Qc8 Nc5 36.Rf1 Ne6
37.Rc1 d2 38.Rd1 Qxe5 39.Qxc4 Nf4 40.Rgxd2 Qe1+ 41.Qf1 Qe4+ 42.Kg1 Qe3+ 43.Kh1  1/2-1/2

[Event "SVK-chT 9697"]
[Site "SVK"]
[Date "1997.??.??"]
[Round "4"]
[White "Pal, Peter"]
[Black "Debnar, Lubos"]
[Result "1/2-1/2"]
[WhiteElo "2260"]
[BlackElo "2305"]

1.d4 Nf6 2.c4 e6 3.Nf3 b6 4.a3 Bb7 5.Nc3 d5 6.cxd5 Nxd5 7.e3 Nxc3 8.bxc3 Be7
9.Bd3 O-O 10.O-O c5 11.Ne5 Nd7 12.f4 Nf6 13.Qe2 Rc8 14.Bb2 Be4 15.Rad1 Bxd3
16.Qxd3 cxd4 17.exd4 Qd5 18.c4 Qe4 19.Qd2 Rfd8 20.Kh1 b5 21.Rde1 Qf5 22.Qe2 bxc4
23.g4 Nxg4 24.Qxg4 Qxg4 25.Nxg4 c3 26.Bc1 Rxd4 27.Ne3 g6 28.Rd1 Re4 29.Rd3  1/2-1/2

[Event "SVK-chT2 9697"]
[Site "SVK"]
[Date "1997.??.??"]
[Round "4"]
[White "Koutsin, Sergey"]
[Black "Martiska, Peter"]
[Result "1-0"]
[WhiteElo "2400"]
[BlackElo "2320"]

1.d4 Nf6 2.Nf3 e6 3.c4 b6 4.a3 Bb7 5.Nc3 Be7 6.d5 d6 7.e4 e5 8.Bd3 Nbd7 9.b4 O-O
10.O-O h6 11.g3 Nh7 12.Ne1 a5 13.Rb1 Bc8 14.Ng2 Re8 15.Bb2 Ndf8 16.Bc2 Ng6
17.f4 axb4 18.axb4 exf4 19.gxf4 Bf6 20.Qd3 Nhf8 21.Rbe1 Bd7 22.Re3 c5 23.e5 dxe5
24.Ne4 Bh4 25.bxc5 bxc5 26.Qc3 Bf6 27.Nxf6+ gxf6 28.f5 Nf4 29.Rg3+ Kh7 30.Nxf4 exf4
31.Rxf4 Re5 32.Rfg4  1-0

[Event "Piatka op"]
[Site "Swidnica"]
[Date "1997.??.??"]
[Round "9"]
[White "Rustemov, Alexander"]
[Black "Grabarczyk, Miroslaw"]
[Result "1-0"]
[WhiteElo "2550"]
[BlackElo "2480"]

1.d4 Nf6 2.c4 e6 3.Nf3 b6 4.a3 Bb7 5.Nc3 d5 6.Bg5 Be7 7.Bxf6 Bxf6 8.cxd5 exd5
9.Qa4+ c6 10.g3 O-O 11.Rd1 Na6 12.Bg2 c5 13.O-O Qe7 14.e3 Rfd8 15.Rd2 Nc7
16.Rfd1 a5 17.dxc5 bxc5 18.Ne1 Qe6 19.Nd3 Qb6 20.Nf4 d4 21.Bxb7 dxc3 22.Rxd8+ Rxd8
23.Rxd8+ Bxd8 24.Qd7 g6 25.Qxd8+ Kg7 26.Be4 cxb2 27.Kg2 c4 28.a4 c3 29.Qd3 Qb4
30.Ne2 f5 31.Qd7+ Kh6 32.Bb1 Qc5 33.Nd4 Qe5 34.Qc6 Kh5 35.Qxc3  1-0

[Event "SWZ-chT9697"]
[Site "SWZ"]
[Date "1997.??.??"]
[Round "?"]
[White "Begovac, Franja"]
[Black "Miralles, Gilles"]
[Result "0-1"]
[WhiteElo "2425"]
[BlackElo "2480"]

1.d4 Nf6 2.c4 e6 3.Nf3 b6 4.a3 d5 5.cxd5 exd5 6.Ne5 Be7 7.Nc3 O-O 8.g3 Bb7
9.Bg2 c5 10.O-O Na6 11.Bf4 Qe8 12.dxc5 Nxc5 13.Rc1 Rd8 14.Qc2 Bd6 15.Nd3 d4
16.Bxd6 Rxd6 17.Bxb7 Nxb7 18.Na2 a5 19.b4 g5 20.bxa5 Nxa5 21.Nab4 Qe6 22.Rfe1 Qh3
23.f3 Qe6 24.Nf2 h6 25.Qd3 Nb3 26.Rb1 Nc5 27.Qd2 Re8 28.Nc2 Qd7 29.Rb4 d3
30.exd3 Nxd3 31.Rxe8+ Nxe8 32.Re4 Nf6  0-1

[Event "SWZ-chT9697"]
[Site "SWZ"]
[Date "1997.??.??"]
[Round "?"]
[White "Cvitan, Ognjen"]
[Black "Kortschnoj, Viktor"]
[Result "1/2-1/2"]
[WhiteElo "2550"]
[BlackElo "2635"]

1.d4 Nf6 2.Nf3 e6 3.c4 b6 4.a3 Bb7 5.Nc3 d5 6.cxd5 Nxd5 7.e3 Nxc3 8.bxc3 g6
9.Bb5+ c6 10.Bc4 Bg7 11.O-O O-O 12.e4 c5 13.Re1 Nc6 14.Bg5 Qd7 15.Bb5 cxd4
16.cxd4 a6 17.Bxc6 Bxc6 18.Rc1 f6 19.Bf4 Rac8 20.Qb3 Bb5 21.d5 e5 22.Be3 Rb8
23.Nd2 f5 24.f3 f4 25.Bf2 g5 26.Nc4 g4 27.fxg4 Qxg4 28.Nd2  1/2-1/2

[Event "SWZ-chT9697"]
[Site "SWZ"]
[Date "1997.??.??"]
[Round "?"]
[White "Miralles, Gilles"]
[Black "Almada, Enrique"]
[Result "0-1"]
[WhiteElo "2480"]
[BlackElo "2305"]

1.d4 Nf6 2.c4 e6 3.Nf3 b6 4.a3 Bb7 5.Nc3 d5 6.Bg5 Be7 7.e3 O-O 8.Rc1 Nbd7
9.cxd5 exd5 10.Bd3 c5 11.O-O Ne4 12.Bxe7 Qxe7 13.dxc5 bxc5 14.Bb1 Ndf6 15.Qa4 Rfd8
16.h3 Nxc3 17.Rxc3 d4 18.exd4 Bxf3 19.Rxf3 Rxd4 20.Qc2 Rad8 21.Rxf6 Qxf6
22.Qxh7+ Kf8 23.Qh8+ Ke7 24.Re1+ Kd6 25.Qh5 Rd2 26.Kh1 g6 27.Qg4 Qxf2 28.Rg1 Re8
29.b4 Re1 30.bxc5+ Kc7 31.Rxe1 Qxe1+ 32.Kh2  0-1

[Event "EST-ch (Women)"]
[Site "Tallinn"]
[Date "1997.??.??"]
[Round "2"]
[White "Ranniku, Maaja"]
[Black "Tsiganova, Monika"]
[Result "0-1"]
[WhiteElo "2155"]
[BlackElo "2245"]

1.Nf3 Nf6 2.c4 e6 3.d4 b6 4.a3 c5 5.e3 Bb7 6.Nc3 Be7 7.d5 exd5 8.cxd5 d6
9.Bd3 O-O 10.e4 Ba6 11.Bxa6 Nxa6 12.Qd3 Nc7 13.O-O Re8 14.Re1 a6 15.a4 Rb8
16.Bf4 b5 17.axb5 axb5 18.h3 b4 19.Ne2 Nd7 20.Ng3 g6 21.e5 Nxe5 22.Nxe5 dxe5
23.Bxe5 Bd6 24.Bxd6 Qxd6 25.Ne4 Qd8 26.d6 Ne6 27.Ra7 Nd4 28.Qc4 Re6 29.Re3 Qh4
30.g4 Rf8 31.Qxc5 Rxe4 32.Rxe4 Ne6 33.Qxb4 Ng5 34.Re3 Nxh3+ 35.Rxh3 Qxh3
36.d7 Rd8 37.Qe4 Kg7 38.Qe5+ Kf8 39.Qd6+ Kg7 40.Qd4+ Kf8 41.b4 h5 42.gxh5 gxh5
43.Qd6+ Kg7 44.b5 Kh7 45.Qg3 Qf5 46.Qc7 Rg8+ 47.Kf1 Qd3+  0-1

[Event "EU-ch U18"]
[Site "Tallinn"]
[Date "1997.??.??"]
[Round "9"]
[White "Kerek, Csaba"]
[Black "Halkias, Stelios"]
[Result "0-1"]
[WhiteElo "2340"]
[BlackElo "2385"]

1.d4 Nf6 2.c4 e6 3.Nf3 b6 4.a3 Ba6 5.Qc2 Bb7 6.Nc3 c5 7.e4 cxd4 8.Nxd4 Nc6
9.Nxc6 Bxc6 10.Bf4 Bc5 11.Be2 O-O 12.Rd1 a5 13.O-O Qe7 14.e5 Nh5 15.Bxh5 Qh4
16.Qe2 Qxf4 17.g3 Qg5 18.h4 Qxg3+  0-1

[Event "Tanta op"]
[Site "Tanta"]
[Date "1997.??.??"]
[Round "4"]
[White "Ahmed, Ehab"]
[Black "Sarwat, Walaa"]
[Result "1-0"]
[WhiteElo "2235"]
[BlackElo "2360"]

1.d4 Nf6 2.c4 e6 3.Nf3 b6 4.a3 Bb7 5.Nc3 d5 6.cxd5 Nxd5 7.Qc2 Nxc3 8.bxc3 Nd7
9.e4 Be7 10.Bd3 c5 11.O-O Qc7 12.Qe2 h6 13.Be3 c4 14.Bc2 Nf6 15.Nd2 Rc8 16.f4 O-O
17.a4 Nh7 18.Qh5 Qd7 19.Rf3 f5 20.Rg3 Kh8 21.e5 a6 22.Rh3 b5 23.g4 Qd5 24.Nf3 bxa4
25.gxf5 exf5 26.Rxa4 Qd7 27.Ra1 Qe6 28.Rg3 Rb8 29.Bc1 Rf7 30.Kf2 Rg8 31.Qg6 Qd5
32.Qb6 Rd8 33.Ra4 Qe6  1-0

[Event "Tanta op"]
[Site "Tanta"]
[Date "1997.??.??"]
[Round "6"]
[White "Hassan, Sayed Barakat"]
[Black "Mohamed, Farag Amrou"]
[Result "1/2-1/2"]
[WhiteElo "2390"]
[BlackElo "2365"]

1.d4 Nf6 2.Nf3 b6 3.c4 e6 4.a3 Bb7 5.Nc3 Be7 6.g3 O-O 7.Bg2 c6 8.O-O d5 9.Ne5 Nfd7
10.cxd5 cxd5 11.f4 Nc6 12.e3 Rc8 13.Bh3  1/2-1/2

[Event "Tanta op"]
[Site "Tanta"]
[Date "1997.??.??"]
[Round "9"]
[White "Al Ashhab, Saamer"]
[Black "Taleb, Moussa"]
[Result "1/2-1/2"]
[WhiteElo "2275"]
[BlackElo "2265"]

1.d4 Nf6 2.c4 e6 3.Nf3 b6 4.a3 Bb7 5.Nc3 d5 6.Qc2 Be7 7.cxd5 exd5 8.Bf4 c5
9.e3 O-O 10.Bd3 Nc6 11.O-O h6 12.Ne5 cxd4 13.Nxc6 Bxc6 14.exd4 Bd6 15.Qd2 Qc7
16.Bg3 Bxg3 17.fxg3 Qd6 18.Rf5 Rfe8 19.Raf1 Re6 20.Bb1 Rae8 21.Qc2 g6 22.R5f4 Re1
23.Qf2 Rxf1+ 24.Qxf1 Kg7 25.h3 Re7 26.Qf2 Ne4 27.Bxe4 dxe4 28.Qe3 Rd7 29.d5 Bxd5
30.Qd4+ Kg8 31.Nxe4 Bxe4 32.Qxe4 Qc5+ 33.Kh2 Re7 34.Qa8+ Kg7 35.Re4 Rd7 36.Re8 Rd1
37.Rg8+ Kh7  1/2-1/2

[Event "Tatry op"]
[Site "Tatranska Lomnica"]
[Date "1997.??.??"]
[Round "3"]
[White "Hanko, Pavel"]
[Black "Veselovsky, Sergey"]
[Result "1-0"]
[WhiteElo "2175"]
[BlackElo "2445"]

1.d4 Nf6 2.Nf3 e6 3.c4 b6 4.a3 c5 5.d5 Ba6 6.Qc2 exd5 7.cxd5 g6 8.g3 Bg7
9.Bg2 O-O 10.O-O d6 11.Nc3 Nbd7 12.a4 Re8 13.Re1 Bb7 14.Nd2 a6 15.Nc4 Ne5
16.Nxe5 Rxe5 17.e4 Nxd5 18.Nxd5 Bxd5 19.Bf4 Bc6 20.Bxe5 Bxe5 21.Ra3 Qf6 22.Bf1 Bxb2
23.Rb3 Bd4 24.Rxb6 Bxa4 25.Qa2 Bd7 26.Bc4 a5 27.Kg2 a4 28.f3 h5 29.f4 Be6
30.e5 Bxc4  1-0

[Event "Tatry op"]
[Site "Tatranska Lomnica"]
[Date "1997.??.??"]
[Round "6"]
[White "Volak, Michal"]
[Black "Lukac, Jozef"]
[Result "1-0"]
[WhiteElo "2200"]
[BlackElo "2090"]

1.d4 e6 2.c4 Nf6 3.Nf3 b6 4.a3 Bb7 5.Nc3 Be7 6.Qc2 c5 7.e4 cxd4 8.Nxd4 d6
9.Be2 Nbd7 10.f4 Rc8 11.O-O Nc5 12.Bf3 O-O 13.Be3 e5 14.fxe5 dxe5 15.Nf5 Ne6
16.Rfd1 Qe8 17.Nd5 Bxd5 18.exd5 Nf4 19.d6 Bd8 20.d7 Nxd7 21.Nd6 Qe6 22.Nxc8 Bg5
23.Bxf4 Bxf4 24.Rd6 Qe8 25.Nxa7 e4 26.Rxd7 exf3 27.Qd3 Be3+ 28.Kh1 fxg2+
29.Kxg2 Qe5 30.Rf1 Qxb2+ 31.Kh1 Bg5 32.Nc6 Bh4 33.Rdxf7 Rxf7 34.Qd5 Bf6 35.Nd8 Be5
36.Qxf7+  1-0

[Event "Czerniak mem Bikurei Haitim"]
[Site "Tel Aviv"]
[Date "1997.??.??"]
[Round "8"]
[White "Zifroni, Dov"]
[Black "Krays, Alexander"]
[Result "1-0"]
[WhiteElo "2490"]
[BlackElo "2375"]

1.d4 e6 2.c4 Nf6 3.Nf3 b6 4.a3 Bb7 5.Nc3 d5 6.cxd5 Nxd5 7.e3 Nd7 8.Bd3 c5
9.e4 Nxc3 10.bxc3 Be7 11.O-O O-O 12.Qe2 Rc8 13.Bb2 Rc7 14.Rad1 Re8 15.Rfe1 Bf8
16.h4 g6 17.h5 Bg7 18.hxg6 hxg6 19.Qe3 Qe7 20.Qf4 Rcc8 21.Qg3 cxd4 22.cxd4 Nc5
23.Bc2 Nd7 24.Bb1 b5 25.Ng5 a5 26.e5 b4 27.axb4 axb4 28.Qh4 Nf8 29.Rd3 Bd5
30.Rg3 Ra8 31.Rg4 Rec8 32.Rf4 f6 33.exf6 Bxf6 34.Rg4 b3 35.Qg3 Qc7 36.Qe3 Qg7
37.Ne4 Ra2 38.Bxa2 bxa2 39.Qf4 Be7 40.Nc3 Bb3 41.Ra1 Bf6 42.Ne4 Be7 43.Rg3 Bc4
44.Rc1 Rc6 45.Qb8 Bd5 46.Rxc6 Bxc6 47.Re3 Bd5 48.Qa7 Bf6 49.Qa4 Bd8 50.Qc2 Qb7
51.Re1 Kf7 52.Nd6+  1-0

[Event "Nordic Grand Prix"]
[Site "Torshavn"]
[Date "1997.??.??"]
[Round "9"]
[White "Pedersen, Steffen"]
[Black "Bjerring, Kai"]
[Result "1-0"]
[WhiteElo "2420"]
[BlackElo "2315"]

1.d4 Nf6 2.c4 e6 3.Nf3 b6 4.a3 Bb7 5.Nc3 d5 6.Bg5 Nbd7 7.cxd5 exd5 8.g3 Be7
9.Qb3 O-O 10.Bg2 Ne4 11.Bf4 Nxc3 12.Qxc3 c5 13.O-O Bf6 14.h4 cxd4 15.Nxd4 Nc5
16.Rad1 Ne6 17.Nxe6 fxe6 18.Be5 Rc8 19.Qd4 Bxe5 20.Qxe5 Qf6 21.Qxf6 gxf6
22.Rc1 Kf7 23.Rfd1 Rxc1 24.Rxc1 Rc8 25.Rxc8 Bxc8 26.Kf1 Ke7 27.Ke1 Kd6 28.Kd2 e5
29.e3 a5 30.b4 Bd7 31.Kc3 h6 32.Bf1 a4 33.Be2 f5 34.Bh5 Ke7 35.Bf3 Kd6 36.Be2 b5
37.Bh5 Ke7 38.Kd3 Kf6 39.f4 Bc6 40.g4 fxg4 41.Bxg4 Be8 42.Bc8 Bc6 43.Ke2 Be8
44.Kf2 Bc6 45.Kg3 h5 46.Kf2 Be8 47.Ke2 Bc6 48.Kd2 Be8 49.Bh3 Bc6 50.Kc3 Be8
51.Bf1 Kf5 52.fxe5 Kxe5 53.Bd3 d4+ 54.exd4+ Kf4 55.Bf1 Kg3 56.d5 Kxh4 57.Kd4 Kg3
58.Ke5 Bd7 59.Kd6 Bg4 60.Kc7 Kf2  1-0

[Event "Nordic Grand Prix"]
[Site "Torshavn"]
[Date "1997.??.??"]
[Round "9"]
[White "Tisdall, Jonathan D"]
[Black "Stefansson, Hannes"]
[Result "0-1"]
[WhiteElo "2490"]
[BlackElo "2555"]

1.d4 Nf6 2.c4 e6 3.Nf3 b6 4.a3 Bb7 5.Nc3 d5 6.cxd5 Nxd5 7.Qc2 Be7 8.Bd2 O-O
9.e4 Nxc3 10.Bxc3 Nd7 11.O-O-O c5 12.h4 cxd4 13.Rxd4 Qc7 14.Ng5 e5 15.Rc4 Qd8
16.Bb4 Bxb4 17.axb4 a5 18.b5 Nc5 19.Rxc5 bxc5 20.Bc4 h6 21.Rd1 Qe7 22.Nf3 Rad8
23.Re1 Bc8 24.Qc3 Be6 25.Qxe5 Rfe8 26.Qc3 Bxc4 27.Qxc4 Qe6 28.b3 Rb8 29.e5 Qd7
30.Rd1 Qxb5 31.Qxb5 Rxb5 32.Kc2 Reb8 33.Nd2 c4 34.Nxc4 Rxb3 35.Ra1 R3b4  0-1

[Event "Ubeda op"]
[Site "Ubeda"]
[Date "1997.??.??"]
[Round "1"]
[White "Matamoros Franco, Carlos S"]
[Black "Daloz, Jean Michel"]
[Result "1-0"]
[WhiteElo "2480"]
[BlackElo "2180"]

1.d4 Nf6 2.c4 e6 3.Nf3 b6 4.a3 Bb7 5.Nc3 d5 6.cxd5 Nxd5 7.e3 Be7 8.Bb5+ c6
9.Bd3 O-O 10.Qc2 a6 11.e4 Nxc3 12.bxc3 c5 13.Bb2 Nc6 14.Rd1 cxd4 15.cxd4 Rc8
16.Qe2 Qd6 17.O-O Rfe8 18.d5 exd5 19.exd5 Bf6 20.dxc6 Rxe2  1-0

[Event "JUG Cup (Women)"]
[Site "Ulcinj"]
[Date "1997.??.??"]
[Round "?"]
[White "Khurtsidze, Nino"]
[Black "Bojkovic, Natasa"]
[Result "1-0"]
[WhiteElo "2430"]
[BlackElo "2405"]

1.d4 Nf6 2.Nf3 e6 3.c4 b6 4.a3 Ba6 5.Qc2 Bb7 6.Nc3 c5 7.e4 cxd4 8.Nxd4 Bc5
9.Nb3 Nc6 10.Bf4 e5 11.Bg3 O-O 12.Bd3 Nh5 13.O-O Rc8 14.Rfd1 d6 15.Be2 Nxg3
16.hxg3 Qg5 17.Qd2 Qg6 18.Rac1 Rcd8 19.Bf3 Rfe8 20.Nd5 Nd4 21.Nxd4 Bxd4 22.Nc7 Bxe4
23.Bxe4 Qxe4 24.Re1 Qg4 25.Nxe8 Rxe8 26.Rcd1 Re6 27.b3 Qf5 28.Re2 Qg4 29.Qc2 Rf6
30.Rdd2 h5 31.Qd3 Qc8 32.Qe4 a5 33.Rxd4 exd4 34.Qxd4 Qc5 35.Re8+ Kh7 36.Qxc5 dxc5
37.f3 Rd6 38.Rb8 Kg6 39.Kf2 Re6 40.a4 Kf5 41.Rd8 g6 42.Rd7 f6 43.Rd5+ Re5
44.f4 Rxd5 45.cxd5 g5 46.Ke3  1-0

[Event "Verona op"]
[Site "Verona"]
[Date "1997.??.??"]
[Round "1"]
[White "Dallaglio, Giovanni"]
[Black "Ferretti, Folco"]
[Result "0-1"]
[WhiteElo "2075"]
[BlackElo "2255"]

1.d4 Nf6 2.c4 e6 3.Nf3 b6 4.a3 Bb7 5.Nc3 d5 6.cxd5 exd5 7.g3 Nbd7 8.Qa4 c6
9.Bg2 Bd6 10.O-O O-O 11.Bg5 Re8 12.e3 h6 13.Bxf6 Nxf6 14.Rfd1 Qe7 15.Rac1 Rad8
16.Bf1 Ne4 17.Nxe4 dxe4 18.Nd2 f5 19.Qb3+ Kh8 20.Nc4 Bc8 21.Nxd6 Rxd6 22.a4 Bd7
23.a5 bxa5 24.Rc5 Rf8 25.Rxa5 f4 26.exf4 Bg4 27.Rda1 Rxd4 28.Rxa7 Qf6 29.Ra8 Bc8
30.Ba6 Bh3 31.Bb7 Rfd8 32.Qb6 Rxa8 33.Rxa8+ Kh7 34.Ra1 Qd6 35.Re1 Rd1 36.Qe3 Qd3
37.Bxc6 Qf1+  0-1

[Event "Verona op"]
[Site "Verona"]
[Date "1997.??.??"]
[Round "3"]
[White "Mollero, Michele"]
[Black "De Bortoli, Peter"]
[Result "0-1"]
[WhiteElo "2050"]
[BlackElo "2090"]

1.d4 Nf6 2.c4 e6 3.Nf3 b6 4.a3 c5 5.Nc3 cxd4 6.Qxd4 Nc6 7.Qd1 Bb7 8.Bg5 Be7
9.e3 h6 10.Bh4 d5 11.cxd5 Nxd5 12.Nxd5 Bxh4 13.Nxh4 exd5 14.Nf3 O-O 15.Be2 Qf6
16.Nd4 Nxd4 17.Qxd4 Qxd4 18.exd4 Rfe8 19.Kf1 Re4 20.Rd1 Rae8 21.Bb5 R8e7
22.f3 Re3 23.Rb1 a6 24.Ba4 b5 25.Bc2 Re2 26.Be4 Rd2 27.Bf5 Ree2 28.Bd3 Rf2+
29.Ke1 Rxg2 30.Bf1 Rxb2 31.Bxg2 Rxb1+ 32.Kf2 Rb2+ 33.Kg3 Rc2 34.Re1 Kf8 35.Bh3 Bc8
36.Re5 Bxh3 37.Kxh3 Rc3 38.a4 Rxf3+ 39.Kg2 Rd3 40.axb5 axb5 41.Rxd5 b4 42.h4 b3
43.h5 b2 44.Rb5 Rxd4 45.Rxb2 Rd5  0-1

[Event "Villalba op"]
[Site "Villalba"]
[Date "1997.??.??"]
[Round "4"]
[White "Del Rey, Diego"]
[Black "Kolev, Atanas"]
[Result "0-1"]
[WhiteElo "2340"]
[BlackElo "2530"]

1.d4 Nf6 2.c4 e6 3.Nf3 b6 4.a3 c5 5.d5 Ba6 6.Qb3 exd5 7.cxd5 d6 8.Nc3 g6
9.Bf4 Bg7 10.Qa4+ Qd7 11.Qxd7+ Kxd7 12.Nd2 Re8 13.e3 Nh5 14.Bg3 Bxf1 15.Kxf1 Na6
16.Rd1 Nc7 17.Nde4 f5 18.Nd2 b5 19.Nf3 Rab8 20.Ne1 a5 21.Rd2 b4 22.axb4 Rxb4
23.Nd1 a4 24.Nd3 Rb3 25.Ke2 c4 26.Nc1 Rb5 27.Kf3 Rxd5 28.Rc2 Rc5 29.Nc3 Bxc3
30.bxc3 Ne6 31.Na2 Ng5+ 32.Ke2 Rb8 33.Bh4 Ne6 34.f3 Rb3 35.Ra1  0-1

[Event "Zagorovsky mem"]
[Site "Voronezh"]
[Date "1997.??.??"]
[Round "?"]
[White "Zhukhovitsky, Samuel"]
[Black "Cherepkov, Alexander V"]
[Result "0-1"]
[WhiteElo "2370"]
[BlackElo "2395"]

1.d4 Nf6 2.Nf3 e6 3.c4 b6 4.a3 c5 5.d5 exd5 6.cxd5 g6 7.Nc3 Bg7 8.e4 O-O
9.Be2 Re8 10.e5 Ng4 11.Bg5 f6 12.exf6 Nxf6 13.d6 Ba6 14.O-O Bxe2 15.Nxe2 Nc6
16.Nc3 h6 17.Bh4 Kh7 18.Nb5 Rf8 19.Qd3 Rf7 20.Nc7 Rb8 21.Nd5 Qg8 22.Nf4 Bh8
23.h3 Rbf8 24.Bg3 Ne8 25.Qd2 Rf6 26.Nd5 Rxf3 27.gxf3 Nd4  0-1

[Event "Wattens op"]
[Site "Wattens"]
[Date "1997.??.??"]
[Round "?"]
[White "Farago, Ivan"]
[Black "Lawitsch, Guenther"]
[Result "1-0"]
[WhiteElo "2445"]
[BlackElo "2300"]

1.d4 Nf6 2.c4 e6 3.Nf3 b6 4.a3 Ba6 5.Qc2 c5 6.d5 exd5 7.cxd5 d6 8.Nc3 g6
9.g3 Bg7 10.Bg2 O-O 11.O-O b5 12.Re1 Re8 13.h3 Nbd7 14.e4 Qb6 15.Be3 Bb7
16.Nd2 a6 17.a4 b4 18.Nc4 Qc7 19.Nb1 a5 20.Nbd2 Re7 21.Kh2 Ne8 22.f4 Nb6
23.Nxb6 Qxb6 24.Nc4 Qc7 25.e5 Rc8 26.Bf2 Ba6 27.exd6 Nxd6 28.Rxe7 Qxe7 29.Nxa5 Nf5
30.Nc6 Qf6 31.Bxc5 Re8 32.Ne5 g5 33.Re1 gxf4 34.gxf4 Bh6 35.Qf2 Nh4 36.Qg3+ Ng6
37.Nxg6  1-0

[Event "Hoogovens-B"]
[Site "Wijk aan Zee"]
[Date "1997.??.??"]
[Round "1"]
[White "Riemersma, Liafbern"]
[Black "Janssen, Ruud"]
[Result "1-0"]
[WhiteElo "2435"]
[BlackElo "2350"]

1.d4 Nf6 2.c4 e6 3.Nf3 b6 4.a3 Ba6 5.Qc2 Bb7 6.Nc3 c5 7.e4 cxd4 8.Nxd4 Nc6
9.Nxc6 Bxc6 10.Be2 Qb8 11.f4 e5 12.O-O Bc5+ 13.Kh1 Bd4 14.Bd3 Bxc3 15.Qxc3 d6
16.fxe5 dxe5 17.Bg5 Nd7 18.c5 f6 19.cxb6 Qxb6 20.Be3 Qb7 21.Rac1 Bxe4 22.Bxe4 Qxe4
23.Qb3 Ke7 24.Rfd1 Rhd8 25.Rc7 Rab8 26.Bc5+  1-0

[Event "Wuerttemberg-ch"]
[Site "Willsbach"]
[Date "1997.??.??"]
[Round "7"]
[White "Latzke, Boris Alexander"]
[Black "Maurischat, Philipp"]
[Result "1/2-1/2"]
[WhiteElo "2205"]
[BlackElo "2035"]

1.d4 Nf6 2.c4 e6 3.Nf3 b6 4.a3 Ba6 5.Qc2 Bb7 6.Nc3 c5 7.e4 cxd4 8.Nxd4 d6
9.Be2 Be7 10.Be3 O-O 11.O-O Nbd7 12.Rfd1 a6 13.Rac1 Rc8 14.f3 Qc7 15.Qd2 Rfe8
16.a4 Qb8 17.a5 bxa5 18.Ra1 Ne5 19.b3 Bd8 20.h3 Bc7 21.f4 Ned7 22.Bf3 Nc5
23.Qc2 Qa8 24.e5 dxe5 25.fxe5 Bxe5 26.Rxa5 Ncd7 27.Bxb7 Qxb7 28.Rda1 Ra8
29.Nf3 Bc7 30.R5a3 Red8 31.Kh1 Ne5 32.Ng5 Nd3 33.Nd5 Nxd5 34.Qxd3 Nf6 35.Qc2 e5
36.Rf1 h6 37.Rxf6 hxg5 38.Rf1 f6 39.Qg6 Rf8 40.Bc5 Rf7 41.b4 Qc6 42.Rg3 Qe8
43.h4 gxh4 44.Rg4 Rd7 45.Qxf6 Rf7 46.Qxf7+ Qxf7 47.Rxf7 Kxf7 48.Rxh4 Rd8
49.Kg1 Rd1+ 50.Kf2 Rd2+ 51.Kf3 Rc2 52.Re4 Kf6 53.g4 g6 54.Ke3 Kf7 55.Kd3 Rh2
56.Be3 Ke6 57.Kc3 Rh3 58.Kb2 Rf3 59.Bd2 Rf2 60.Kc2 Bb6 61.Kd3 Bd4 62.Kc2  1/2-1/2